00775nam a2200217 i 4500001001000000003000900010005001700019007000300036008004100039040003000080082001300110100003100123245013600154264006900290300002700359336002700386337003400413338002700447504005200474700003100526000017216DO-SdBNP20230911091338.0ta100319s1969 dr 000 0 spa d aDO-SdBNPbspacBNPHUerda 4bK19c2221 aKasse-Acta, Rafael,eautor13aLa clínica integral e investigación científica en la escuela de odontología /cRafael Kasse-Acta, Agustín Heredia Peguero aSanto Domingo :bUniversidad Autónoma de Santo Domingo,c1969. a14 páginas ;c23 cm. 2rdacontentatextobtxt 2rdamediaasin mediaciónbnc 2rdacarrieravolumenbn aIncluye referencias bibliográfica ( p. 12-13)1 aHeredia Peguero, Agustín